Enterprise and Small Business (Record no. 2966)

MARC details
000 -LEADER
fixed length control field 00361nam a22001457a 4500
008 - FIXED-LENGTH DATA ELEMENTS--GENERAL INFORMATION
fixed length control field 250414b |||||||| |||| 00| 0 eng d
020 ## - INTERNATIONAL STANDARD BOOK NUMBER
ISBN 13: 9780273702672
100 ## - MAIN ENTRY--AUTHOR
Author CARTER, Sara
245 ## - TITLE STATEMENT
Title Enterprise and Small Business
250 ## - EDITION STATEMENT
Edition statement 2nd
260 ## - PUBLICATION, DISTRIBUTION, ETC. (IMPRINT)
Place of publication Great Britain
Name of publisher Prentice-Hall
Date of publication 2000
300 ## - COLLATION
Pagination xviii, 572
942 ## - ADDED ENTRY ELEMENTS (KOHA)
Item type Books
050 ## - LIBRARY OF CONGRESS CALL NUMBER
Classification number HD2346
Item number .C37

No items available.